|
|
|
|
| LEADER |
00000cam a2200000 4500 |
| 001 |
vtls011914175 |
| 003 |
SK-MaSNL |
| 005 |
20260302023240.0 |
| 008 |
220107s2019 xxuo frni 010 0 eng |
| 015 |
|
|
|a SNBZSA2021/08
|
| 020 |
|
|
|a 9780231191975
|q (brožované)
|
| 020 |
|
|
|a 9780231549592
|q (e-book)
|
| 035 |
|
|
|a urn:nbn:sk:snk-am00g6fc
|
| 035 |
|
|
|a urn:nbn:sk:snk-am3iyzj
|
| 035 |
|
|
|a 3D786578-188D-425D-BACF-334D68B211DA
|
| 040 |
|
|
|a SNK
|b slo
|c SNK
|e rda
|
| 041 |
0 |
|
|a eng
|
| 043 |
|
|
|a n-xxu--
|
| 044 |
|
|
|a xxu
|c US
|
| 072 |
|
7 |
|a 791
|x Film. Cirkus. Ľudová zábava
|2 konspekt
|
| 080 |
|
|
|a 725.1:791.096
|2 2011
|
| 080 |
|
|
|a (73)
|2 2011
|
| 080 |
|
|
|a 791.622(091)
|2 2011
|
| 080 |
|
|
|a (048.83)
|2 2011
|
| 100 |
1 |
|
|a Murphy, J. J.,
|d 1947-
|4 aut
|9 669784
|
| 245 |
1 |
0 |
|a Rewriting indie cinema
|b improvisation, psychodrama, and the screenplay
|c J.J. Murphy
|
| 264 |
|
1 |
|a New York
|b Columbia University Press
|c [2019]
|
| 264 |
|
4 |
|c ©2019
|
| 300 |
|
|
|a xi, 337 strán
|b fotografie
|c 23 cm
|
| 336 |
|
|
|a text
|b txt
|2 rdacontent
|
| 337 |
|
|
|a bez média
|b n
|2 rdamedia
|
| 338 |
|
|
|a zväzok
|b nc
|2 rdacarrier
|
| 490 |
1 |
|
|a Film and culture
|
| 504 |
|
|
|a Obsahuje bibliografiu na strane [319]-322 ; register
|
| 648 |
|
7 |
|a od 50. rokov 20. storočia
|2 SNKPH
|9 669785
|
| 650 |
0 |
7 |
|a kiná
|2 SNKPH
|9 28594
|
| 650 |
0 |
7 |
|a Motion picture theaters
|2 SNKPHeng
|9 343109
|
| 650 |
0 |
7 |
|a dejiny kinematografie
|2 SNKPH
|9 59250
|
| 650 |
0 |
7 |
|a History of cinematography
|2 SNKPHeng
|9 338170
|
| 651 |
|
7 |
|a Spojené štáty americké
|2 SNKPHgeo
|9 18262
|
| 651 |
|
7 |
|a United States
|2 SNKPHeng
|9 281561
|
| 655 |
|
7 |
|a analýzy
|2 SNKPH
|9 22242
|
| 655 |
|
7 |
|a Analytic studies
|2 SNKPHeng
|9 278714
|
| 830 |
|
0 |
|a Film and culture
|9 669786
|
| 919 |
|
|
|a 978-0-231-19197-5
|
| 958 |
|
|
|a ZS
|
| 958 |
|
|
|a NB
|
| 999 |
|
|
|c 1035849
|d 1037779
|
| 952 |
|
|
|a SNK
|b SNK
|y PREZ
|7 0
|p 17A1450355
|o snkSC 191973
|i snk2021/1567
|8 4
|g 34.72
|0 0
|1 0
|4 0
|d 2020-01-29
|f 1
|l 0
|r 2025-10-09 00:00:00
|w 2026-02-24
|